Constitutio Sanctissimi Domini Nostri Pii divina, providentia Papae IX qua limitantur censurae ecclesiasticae latae sententiae

Detalles Bibliográficos
Formato: Libro
Lenguaje:Undetermined
Latin
Publicado: Parisiis : A. Roger et F. Chernoviz editores, 1887.
Materias:
Colección:Banco de datos
Acervo:Biblioteca Palafoxiana. Colección bibliográfica
Descripción Física:36 p. ; 4°
Tema general:Pontífices
Notas:Número de localización: 28299-B
LEADER 00609nam a2200169Ia 4500
008 150723s9999 xx 000 0 und d
041 0 |a lat 
050 0 |a PAFX BT21 B6 
245 1 0 |a Constitutio Sanctissimi Domini Nostri Pii divina, providentia Papae IX qua limitantur censurae ecclesiasticae latae sententiae 
260 |a Parisiis : A. Roger et F. Chernoviz editores, 1887. 
300 |a 36 p. ; 4° 
500 |a Número de localización: 28299-B 
501 |a Encuadernado con 3 obras 
650 1 0 |a Pontífices 
942 |c PALALIB 
943 |g Biblioteca Palafoxiana. Colección bibliográfica 
999 |c 1057621  |d 1057621